000 00190 a2200097 4500
001 8111
100 _aA S A
245 _aSwimming Instruction
260 _a
_bE P L
_c
090 _c6512
_d6512
942 _aNUST-CAE
_cM
_c33059
999 _c243184
_d243184